| 000 | 00357nam a22001337a 4500 | ||
|---|---|---|---|
| 020 | _a0-13-876517-0 | ||
| 082 | _a658.4092 MAN'C | ||
| 100 |
_aMANZ, CHARLES C, SIMS, HENRY P _967419 |
||
| 245 | _aSUPER LEADERSHIP, LEADING OTHERS TO LEAD THEMSELVES | ||
| 260 |
_aNEWYORK _bPRENTICE HALL _c1989 |
||
| 300 | _a245P | ||
| 650 |
_aLEADERSHIP _9300 |
||
| 942 | _cBK | ||
| 999 |
_c575207 _d575207 |
||